|
|
|
|
| LEADER |
02190nam a2200577 a 4500 |
| 001 |
nkc20102123749 |
| 003 |
CZ PrNK |
| 005 |
20101104104242.0 |
| 007 |
ta |
| 008 |
100906s2010 xr a e 000 0 cze |
| 015 |
|
|
|a cnb002123749
|
| 020 |
|
|
|a 978-80-7372-625-6
|q (brož.)
|
| 035 |
|
|
|a (OCoLC)681496449
|
| 040 |
|
|
|a BOA001
|b cze
|d ABA001
|
| 043 |
|
|
|a e-gx---
|
| 045 |
|
|
|a w9x1
|
| 072 |
|
7 |
|a 629
|x Dopravní prostředky
|2 Konspekt
|9 19
|
| 080 |
|
|
|a 070.486
|2 MRF
|
| 080 |
|
|
|a 629(091)
|2 MRF
|
| 080 |
|
|
|a 629.3-835
|2 MRF
|
| 080 |
|
|
|a 629.433
|2 MRF
|
| 080 |
|
|
|a 629.423
|2 MRF
|
| 080 |
|
|
|a (084.11)
|2 MRF
|
| 245 |
0 |
0 |
|a Elektrická doprava před 100 lety v obrazech :
|b výběr z Elektrotechnische Zeitschrift z ročníků 1895-1910 /
|c Aleš Richter a kolektiv
|
| 250 |
|
|
|a Vyd. 1.
|
| 260 |
|
|
|a V Liberci :
|b Technická univerzita v Liberci,
|c 2010
|
| 300 |
|
|
|a 132 s. :
|b il. ;
|c 30 cm
|
| 500 |
|
|
|a Nad názvem: Technická univerzita v Liberci, Fakulta mechatroniky, informatiky a mezioborových studií
|
| 504 |
|
|
|a Obsahuje bibliografii
|
| 630 |
0 |
7 |
|a Elektrotechnische Zeitschrift
|7 unn2010597221
|2 czenas
|
| 648 |
|
4 |
|a 1895-1910
|
| 650 |
0 |
7 |
|a odborné časopisy
|7 ph247262
|z Německo
|2 czenas
|
| 650 |
0 |
7 |
|a dějiny dopravních prostředků
|7 ph499542
|2 czenas
|
| 650 |
0 |
7 |
|a elektromobily
|7 ph497305
|2 czenas
|
| 650 |
0 |
7 |
|a tramvaje
|7 ph126705
|2 czenas
|
| 650 |
0 |
7 |
|a elektrické lokomotivy
|7 ph173810
|2 czenas
|
| 650 |
0 |
9 |
|a professional journals
|z Germany
|2 eczenas
|
| 650 |
0 |
9 |
|a history of means of transportation
|2 eczenas
|
| 650 |
0 |
9 |
|a electromobiles
|2 eczenas
|
| 650 |
0 |
9 |
|a trolley cars
|2 eczenas
|
| 650 |
0 |
9 |
|a electric locomotives
|2 eczenas
|
| 655 |
|
7 |
|a obrazové publikace
|7 fd132947
|2 czenas
|
| 655 |
|
9 |
|a pictorial works
|2 eczenas
|
| 787 |
0 |
|
|t Elektrotechnische Zeitschrift
|
| 700 |
1 |
|
|a Richter, Aleš,
|d 1957-
|7 xx0000450
|4 com
|4 wfw
|
| 710 |
2 |
|
|a Technická univerzita v Liberci.
|b Fakulta mechatroniky, informatiky a mezioborových studií
|7 xx0090191
|
| 910 |
2 |
|
|a BOA001
|b 4-1248.440
|
| 990 |
|
|
|a BK
|
| 995 |
|
|
|a 01
|
| 991 |
|
|
|b 201009
|c NOV
|e n
|
| 996 |
6 |
|
|b 2610447029
|c 4-1248.440
|l MZK
|r Sklad / do 1 hodiny
|n 1
|p p.v.
|w 001140712
|u 000010
|a 1
|e BOA001
|j MZK50
|s P
|